000 00650nam a2200205 a 4500
005 20250918064111.0
008 991125n 000 0 spa u
035 _aUPN01000103194
100 1 _aDíaz Barriga, Frida,
_d1955-
_930592
222 _aPERFILES EDUCATIVOS
245 _aUna aportacion a la didáctica de la historia : la ensenanza-aprendizaje de habilidades cognitivas en el bachillerato
260 _aMéxico
300 _a40-66
362 0 _a1998, 3a época, vol. 20, no. 82
653 0 _aEDUCACION MEDIA SUPERIOR
653 0 _aHISTORIA
653 0 _aPROCESO ENSEÑANZA-APRENDIZAJE
904 _aAC
_b041005
905 _aArticulo
999 _c78533
_d78533